[Event "16th Asian Continental w"]
[Site "Chengdu CHN"]
[Date "2017.05.20"]
[Round "9.4"]
[White "Nguyen Thi Thanh An"]
[Black "Vaishali,R"]
[Result "0-1"]
[WhiteElo "2280"]
[BlackElo "2272"]

1.d4 Nf6 2.g3 d5 3.Nf3 Bf5 4.Bg2 e6 5.O-O Nbd7 6.c4 c6 7.Nh4 Be4 8.cxd5 Bxg2
9.Kxg2 exd5 10.Nc3 Be7 11.Qd3 O-O 12.Nf5 Re8 13.Bg5 Bf8 14.Rad1 h6 15.Bc1 Re6
16.f3 Qa5 17.a3 Rae8 18.Rfe1 Nb6 19.Ne3 Nc8 20.Nf5 Ne7 21.Nxe7+ R6xe7 22.Qf5
Re6 23.Kf1 Bxa3 24.g4 Bb4 25.Qd3 Qc7 26.Kg2 Bd6 27.Rh1 Bf4 28.h3 Bxc1 29.Rxc1
Qf4 30.Rc2 h5 31.Nd1 h4 32.Kf1 Ne4 33.Kg2 Ng3 34.Re1 Re3 35.Nxe3 Rxe3 36.Qd1
Ne4 37.Kf1 Qh2 38.fxe4 Rg3 {#R} 0-1

[Event "16th Asian Continental w"]
[Site "Chengdu CHN"]
[Date "2017.05.20"]
[Round "9.5"]
[White "Lei Tingjie"]
[Black "Nandhidhaa,P"]
[Result "1-0"]
[WhiteElo "2482"]
[BlackElo "2252"]

1.Nf3 Nf6 2.c4 e6 3.d4 d5 4.Nc3 Be7 5.Bg5 h6 6.Bxf6 Bxf6 7.e3 O-O 8.Qc2 b6
9.O-O-O Bb7 10.cxd5 exd5 11.h4 c5 12.g4 cxd4 13.exd4 Nc6 14.g5 hxg5 15.hxg5
Bxg5+ 16.Kb1 g6 17.Bb5 Kg7 18.Bxc6 Bxc6 19.Rdg1 Bf6 20.Ne2 Bd7 21.Nf4 Rh8
22.Rxg6+ fxg6 23.Qxg6+ Kf8 24.Rxh8+ Bxh8 25.Qh7 Bf5+ 26.Qxf5+ Qf6 27.Qh7 Bg7
28.Ne5 Rd8 29.Nfg6+ Ke8 30.Qg8+ Bf8 31.Nxf8 Qf5+ 32.Ka1 Qxf8 33.Qe6+ Qe7
34.Qc6+ Rd7 35.Qg6+ Kf8 36.Qf5+ Ke8 37.Qh5+ {#r} 1-0

[Event "16th Asian Continental w"]
[Site "Chengdu CHN"]
[Date "2017.05.20"]
[Round "9.7"]
[White "Tokhirjonova,Gulrukhbegim"]
[Black "Padmini,R"]
[Result "0-1"]
[WhiteElo "2299"]
[BlackElo "2380"]

1.e4 e6 2.d4 d5 3.e5 c5 4.c3 Qb6 5.Nf3 Nc6 6.a3 f6 7.b4 c4 8.Be3 Qc7 9.Bf4
fxe5 10.Nxe5 Nf6 11.Ng6 e5 12.Bxe5 Nxe5 13.Nxe5 Bd6 14.f4 Ne4 15.Be2 O-O
16.O-O a5 17.b5 a4 18.Qc2 Bf5 19.Qb2 g5 20.b6 Qg7 21.Qb5 Be6 22.Bg4 Bxg4
23.Qxd5+ Kh8 24.Nxg4 Rae8 25.Ne5 Bxe5 26.dxe5 Qg6 27.Ra2 Rxf4 28.Re1 Qxb6+
29.Qd4 Nc5 30.Qd2 Nd3+ 31.Kh1 Rf2 {#R} 0-1

[Event "16th Asian Continental w"]
[Site "Chengdu CHN"]
[Date "2017.05.20"]
[Round "9.8"]
[White "Ren,Xiaoyi"]
[Black "Nguyen Thi Mai Hung"]
[Result "0-1"]
[WhiteElo "2257"]
[BlackElo "2257"]

1.d4 Nf6 2.c4 c6 3.Nf3 d5 4.cxd5 cxd5 5.Bf4 Qb6 6.Nc3 Qxb2 7.Rc1 Nc6 8.e3 e6
9.Rc2 Qb4 10.Nd2 a6 11.Bd3 Bd6 12.Bg5 Be7 13.O-O O-O 14.Qe2 Qd6 15.Bf4 Qd8
16.Na4 Bd6 17.Bxd6 Qxd6 18.Rb1 Nb4 19.a3 Nxc2 20.Bxc2 Qxa3 21.Nb6 Rb8 22.Nb3
Qd6 23.Nc5 Bd7 24.e4 dxe4 25.Nbxd7 Nxd7 26.Nxb7 Qxd4 27.Rd1 Qb4 28.Rb1 Qc3
29.Qxe4 Nf6 30.Qa4 Rfc8 31.Bd1 Qc6 {#R} 0-1

[Event "16th Asian Continental w"]
[Site "Chengdu CHN"]
[Date "2017.05.20"]
[Round "9.9"]
[White "Xiao,Yiyi"]
[Black "Luong Phuong Hanh"]
[Result "1-0"]
[WhiteElo "2287"]
[BlackElo "2224"]

1.c4 Nf6 2.Nc3 d5 3.cxd5 Nxd5 4.g3 g6 5.Bg2 Nb6 6.d4 Bg7 7.Nf3 Nc6 8.e3 O-O
9.O-O Re8 10.d5 Na5 11.Nd4 Bd7 12.e4 Rc8 13.Bf4 c5 14.Nde2 e5 15.Bc1 Nac4
16.b3 Nd6 17.Be3 Na8 18.Qd2 b6 19.Rac1 Nc7 20.Bh6 Bh8 21.f4 f5 22.fxe5 Bxe5
23.Bg5 Bf6 24.Bxf6 Qxf6 25.exf5 gxf5 26.Rf2 Ncb5 27.Nxb5 Bxb5 28.Nf4 Qd4
29.Qxd4 cxd4 30.Rxc8 Rxc8 31.Rd2 Rc3 32.Ne6 d3 33.Nd4 Ba6 34.Kf2 Rc1 35.Ke3
Re1+ 36.Kf2 Rc1 37.Bf3 Kf7 38.Rd1 Rc5 39.Ke3 Kf6 40.Nc6 Rc3 41.Rd2 Rc1 42.Nb4
Bb5 43.a4 Bxa4 44.bxa4 Nc4+ 45.Kxd3 Nxd2 46.Kxd2 Rc4 47.Nc6 Rxa4 48.Bd1 Ra3
49.d6 Ra2+ 50.Ke1 Ke6 51.Bb3+ Kxd6 52.Bxa2 Kxc6 53.Bb1 Kd5 54.Bxf5 h6 55.Ke2
b5 56.Kd3 a5 57.Bd7 b4 58.Ba4 Ke5 59.h3 Kd5 60.g4 Ke5 61.Ke3 Kd5 62.h4 Kc4
63.g5 hxg5 64.hxg5 b3 65.g6 Kc3 66.Bxb3 {#r} 1-0

[Event "16th Asian Continental w"]
[Site "Chengdu CHN"]
[Date "2017.05.20"]
[Round "9.10"]
[White "Zhang,Lanlin"]
[Black "Mohota,N"]
[Result "0-1"]
[WhiteElo "2067"]
[BlackElo "2260"]

1.e4 Nf6 2.e5 Nd5 3.d4 d6 4.Nf3 Bg4 5.Be2 e6 6.O-O Be7 7.c4 Nb6 8.b3 O-O 9.Bb2
d5 10.Nbd2 Nc6 11.h3 Bf5 12.a3 dxc4 13.bxc4 f6 14.c5 Nd7 15.Nh4 fxe5 16.Nxf5
exf5 17.dxe5 Ncxe5 18.Nb3 c6 19.Qc2 f4 20.Rad1 Qc7 21.Qe4 f3 22.Bc4+ Nxc4
23.Qe6+ Rf7 24.Rxd7 Qc8 25.Bc3 Qe8 26.Re1 Bf8 27.Rxf7 Qxf7 28.a4 Qxe6 29.Rxe6
fxg2 30.Kxg2 Rd8 31.Re4 b5 32.Nd4 Bxc5 33.Ne6 Rd5 34.Bxg7 Kf7 35.Bc3 Bb6 36.h4
h6 37.Nf4 Rf5 38.Nd3 a6 39.f4 a5 40.Kf3 Rd5 41.Ke2 Nd6 42.Re5 bxa4 43.Nb2 Nb5
44.Nxa4 Nxc3+ 45.Nxc3 Rxe5+ 46.fxe5 Bd4 47.Na4 Ke6 48.Kf3 Kxe5 49.Kg4 Kd5
50.Kh5 Kc4 {#R} 0-1

[Event "14th Orlova Open 2017"]
[Site "Orlova CZE"]
[Date "2017.05.21"]
[Round "2.1"]
[White "Sikora,Matous"]
[Black "Kislinsky,A"]
[Result "0-1"]
[WhiteElo "2008"]
[BlackElo "2484"]

1.e4 d5 2.exd5 Qxd5 3.Nc3 Qa5 4.d4 Nf6 5.Bc4 Bg4 6.f3 Bh5 7.Ne2 Nc6 8.Be3
O-O-O 9.O-O e5 10.d5 Bc5 11.Qc1 Nb4 12.Bb3 Nbxd5 13.Nxd5 Nxd5 14.Bxd5 Rxd5
15.Nc3 Rd7 16.Ne4 Bxe3+ 17.Qxe3 Qb6 18.Rae1 Qxe3+ 19.Rxe3 Bg6 20.f4 exf4
21.Rxf4 Rd1+ 22.Kf2 Rhd8 23.Re2 R8d4 24.Ke3 b6 25.Nf2 Rxf4 26.Kxf4 Rb1 27.c3
a5 28.Ng4 Rf1+ 29.Kg3 Bh5 30.Rd2 f5 31.Ne5 g5 32.h3 f4+ 33.Kh2 Re1 34.Nf3 Bxf3
35.gxf3 Kb7 36.h4 gxh4 37.Kh3 Rg1 38.Kxh4 Rg3 {#R} 0-1

[Event "14th Orlova Open 2017"]
[Site "Orlova CZE"]
[Date "2017.05.21"]
[Round "2.2"]
[White "Andreev,Ed UKR"]
[Black "Drozniak,Stanislaw"]
[Result "1-0"]
[WhiteElo "2432"]
[BlackElo "2043"]

1.e4 c5 2.Nf3 d6 3.d4 cxd4 4.Nxd4 Nf6 5.Nc3 g6 6.Be3 Bg7 7.f3 O-O 8.Qd2 Nc6
9.Bc4 Bd7 10.O-O-O Rb8 11.Bb3 Na5 12.g4 b5 13.Kb1 Nc4 14.Bxc4 bxc4 15.Ka1 Qb6
16.Rb1 Qa5 17.h4 h5 18.gxh5 Nxh5 19.Rhg1 e6 20.Nde2 Bf6 21.Bg5 Bxg5 22.Rxg5
Rb5 23.Rxb5 Bxb5 24.Qxd6 Ba6 25.Rd1 Rc8 26.a3 Nf6 27.Nf4 Ne8 28.Qe7 Qe5 29.Nh3
Qf6 30.Qxa7 {#r} 1-0

[Event "14th Orlova Open 2017"]
[Site "Orlova CZE"]
[Date "2017.05.22"]
[Round "3.2"]
[White "Kolar,St"]
[Black "Andreev,Ed UKR"]
[Result "0-1"]
[WhiteElo "2108"]
[BlackElo "2432"]

1.Nf3 c5 2.e3 g6 3.c4 Bg7 4.d4 Nf6 5.Nc3 O-O 6.Be2 cxd4 7.exd4 d5 8.h3 Nc6
9.Be3 b6 10.Rc1 Bb7 11.a3 Rc8 12.O-O dxc4 13.Bxc4 Na5 14.Be2 Nd5 15.Qd3 Nc4
16.Nxd5 Bxd5 17.b3 Nxe3 18.fxe3 e6 19.Rc3 Qe7 20.b4 Be4 21.Qd2 e5 22.Rfc1 Rxc3
23.Qxc3 exd4 24.Qc7 Qe8 25.exd4 Bxf3 26.Bxf3 Bxd4+ 27.Kh1 Qe3 28.Rd1 Be5
29.Qe7 Kg7 30.a4 Rc8 31.Qh4 Rf8 {#R} 0-1

[Event "14th Orlova Open 2017"]
[Site "Orlova CZE"]
[Date "2017.05.22"]
[Round "3.6"]
[White "Molenda,Marcin"]
[Black "Trombik,K"]
[Result "1-0"]
[WhiteElo "2416"]
[BlackElo "2060"]

1.Nf3 d5 2.d4 c6 3.g3 Nf6 4.Bg2 Bf5 5.O-O e6 6.c4 Be7 7.Nc3 h6 8.Nd2 O-O 9.b3
Nbd7 10.Bb2 Rc8 11.e4 dxe4 12.Ndxe4 Nxe4 13.Nxe4 Nf6 14.Nc3 Qc7 15.Qe2 Rfe8
16.h3 Bg6 17.Rfe1 Bf8 18.Qe3 Qb8 19.Ne2 Bh7 20.Nf4 Nd7 21.Rad1 Bb4 22.Re2 Bd6
23.Nd3 Nf6 24.Ne5 Rcd8 25.Bc3 Bc7 26.Red2 Qc8 27.f4 Bd6 28.b4 Bf8 29.a4 Nd7
30.a5 Nxe5 31.dxe5 Rxd2 32.Qxd2 a6 33.Qd7 Qb8 34.Rd2 Rc8 35.Kh2 Rc7 36.Qd8 Rc8
37.Qb6 Rc7 38.Bd4 Qc8 39.Bc5 Bxc5 40.Qxc5 Bb1 41.Rd6 Kh7 42.Qg1 Bg6 43.Qd1 Qb8
44.Rd8 Rc8 45.Rd7 b6 46.h4 h5 47.Be4 Kh6 48.Bxg6 fxg6 49.Qd6 bxa5 50.Qxe6 Rg8
51.Rd6 Qe8 52.Qxe8 Rxe8 53.bxa5 {#r} 1-0

[Event "St Petersburg IM 2017"]
[Site "St Petersburg RUS"]
[Date "2017.05.16"]
[Round "5.1"]
[White "Manin,V"]
[Black "Bajarani,U"]
[Result "0-1"]
[WhiteElo "2144"]
[BlackElo "2486"]

1.d4 e6 2.Nf3 Nf6 3.e3 c5 4.c4 cxd4 5.exd4 d5 6.Nc3 Nc6 7.Bd3 Bb4 8.O-O dxc4
9.Bxc4 O-O 10.Bg5 h6 11.Bh4 Be7 12.Re1 b6 13.Qd2 Bb7 14.Rad1 Rc8 15.Qe2 Na5
16.Bd3 Nh5 17.Bxe7 Qxe7 18.Bb1 Nf4 19.Qc2 f5 20.d5 Qf6 21.Nd4 Qg5 22.g3 Bxd5
23.Qd2 Nh3+ 24.Kf1 f4 25.Re2 fxg3 26.Qxg5 gxh2 27.Qxd5 exd5 28.Kg2 Nf4+
29.Kxh2 Rxc3 30.Re7 Rh3+ 31.Kg1 Rh5 32.b3 Rg5+ 33.Kf1 Nh3 34.f3 Rf6 35.Rc7
Rg1+ 36.Ke2 Nf4+ 37.Kd2 Rxd1+ 38.Kxd1 g6 39.Rxa7 h5 40.Ke1 Nc6 41.Ra4 Nxd4
42.Rxd4 g5 43.Kf2 h4 44.Ra4 Kg7 45.Ra7+ Rf7 46.Ra6 d4 47.Rxb6 g4 48.Be4 g3+
49.Kg1 Rc7 50.Rc6 Rxc6 51.Bxc6 d3 52.b4 h3 53.Ba4 Ne2+ {#R} 0-1

[Event "St Petersburg IM 2017"]
[Site "St Petersburg RUS"]
[Date "2017.05.16"]
[Round "5.3"]
[White "Saveliev,Alexei"]
[Black "Bajarani,I"]
[Result "1-0"]
[WhiteElo "2369"]
[BlackElo "2297"]

1.e4 c5 2.Nf3 g6 3.d4 cxd4 4.Nxd4 Bg7 5.c4 b6 6.Nc3 Bb7 7.Be2 Nf6 8.f3 Nc6
9.Be3 O-O 10.O-O e6 11.Nxc6 Bxc6 12.Qb3 d5 13.cxd5 exd5 14.Rad1 Qe8 15.Bf4
dxe4 16.Bd6 exf3 17.Bxf3 Qe3+ 18.Kh1 Rfc8 19.Rde1 Qd3 20.Nd5 Qxb3 21.Ne7+ Kh8
22.axb3 Bxf3 23.Nxc8 Bd5 24.Ne7 Bxb3 25.Nc6 Bd5 26.Nb4 Be6 27.Be5 Nd5 28.Nc6
Bd7 29.Rxf7 Bxe5 30.Rxd7 {#r} 1-0

[Event "St Petersburg IM 2017"]
[Site "St Petersburg RUS"]
[Date "2017.05.16"]
[Round "5.4"]
[White "Siagodnik,A"]
[Black "Palchun,G"]
[Result "0-1"]
[WhiteElo "2233"]
[BlackElo "2354"]

1.Nf3 Nf6 2.g3 b6 3.Bg2 Bb7 4.O-O e6 5.c4 Be7 6.Nc3 O-O 7.d4 d5 8.cxd5 exd5
9.b3 Nbd7 10.Bb2 Re8 11.Rc1 Nf8 12.Qd2 h6 13.Rfd1 Ne6 14.Ne5 c6 15.e4 Bb4
16.exd5 cxd5 17.a3 Ne4 18.Bxe4 Bxc3 19.Qxc3 dxe4 20.d5 Bxd5 21.Rd2 f6 22.Nc6
Qd7 23.Nb4 Ng5 24.Rxd5 Qh3 25.Rxg5 hxg5 26.Nd5 Qf5 27.Qc6 Rad8 28.Ne3 Qf3
29.Qb5 Re7 30.Qf5 Red7 31.Qxf3 exf3 32.Kf1 f5 33.Bc3 f4 34.gxf4 gxf4 35.Nc4
Rd5 36.Re1 Rd3 37.Rc1 Rc8 38.a4 a6 39.Be5 b5 40.axb5 axb5 41.Bxf4 bxc4 42.bxc4
{#R} 0-1

[Event "St Petersburg IM 2017"]
[Site "St Petersburg RUS"]
[Date "2017.05.16"]
[Round "5.5"]
[White "Askerov,Marat"]
[Black "Pershin,Denis"]
[Result "0-1"]
[WhiteElo "2213"]
[BlackElo "2322"]

1.d4 Nf6 2.c4 e6 3.Nf3 b6 4.g3 Ba6 5.Qb3 Nc6 6.Nbd2 Na5 7.Qc3 c5 8.dxc5 bxc5
9.e4 d6 10.a3 Bb7 11.b4 Nc6 12.Bg2 Be7 13.O-O Nd7 14.Rb1 Bf6 15.Qd3 Qc7 16.Rd1
Bd4 17.Nf1 O-O 18.Nxd4 Nxd4 19.f4 Rac8 20.Bb2 e5 21.Ne3 Rfe8 22.f5 f6 23.g4
Nb6 24.Rbc1 Qf7 25.h4 Rc7 26.Bc3 Na4 27.Ba1 Nb6 28.Kf2 Kh8 29.Rg1 Rec8 30.b5
a6 31.a4 Nxa4 32.bxa6 Bc6 33.Bh3 Ra8 34.Nd5 Rca7 35.g5 Bxd5 36.exd5 Qh5 37.Rg4
fxg5 38.Bxd4 cxd4 39.hxg5 Nc5 40.Qg3 Rxa6 41.Rh4 Ra2+ 42.Kg1 R8a3 43.Qxa3
Qxg5+ 44.Rg4 Qxg4+ 45.Bxg4 Rxa3 46.Rb1 Rb3 47.Ra1 Rb8 48.Ra7 Kg8 49.f6 gxf6
50.Bf5 Rb7 51.Ra8+ Kg7 52.Rd8 Rb6 53.Be6 d3 54.Kf2 Rb2+ 55.Ke1 Ne4 {#R} 0-1

[Event "St Petersburg IM 2017"]
[Site "St Petersburg RUS"]
[Date "2017.05.17"]
[Round "6.1"]
[White "Bajarani,U"]
[Black "Pershin,Denis"]
[Result "1-0"]
[WhiteElo "2486"]
[BlackElo "2322"]

1.d4 Nf6 2.Bg5 e6 3.e4 h6 4.Bxf6 Qxf6 5.c3 d6 6.Bd3 Qg6 7.g3 e5 8.Nd2 Be7
9.Ngf3 exd4 10.cxd4 d5 11.O-O O-O 12.Re1 dxe4 13.Ne5 Qd6 14.Nxe4 Qxd4 15.Ng5
Bxg5 16.Bh7+ Kxh7 17.Qxd4 c6 18.Qc4 Be6 19.Qb4 Rd8 20.Qxb7 Nd7 21.Nxc6 Nc5
22.Qb5 Rd5 23.Nb4 Rf5 24.g4 Rf4 25.h3 Rc8 26.Rac1 Bd7 27.Qa5 Bh4 28.Rf1 Bd8
29.Qa3 Be6 30.Rxc5 Rxc5 31.Nd3 Ra5 32.Nxf4 Rxa3 33.bxa3 Bxa2 34.Ra1 Bc4 35.Rc1
Bb3 36.Rb1 Bc4 37.Rb4 Ba2 38.Nd5 Bxd5 39.Rd4 Be7 40.Rxd5 Bxa3 41.Ra5 Bb2
42.Rxa7 Kg6 43.Rb7 Bd4 44.Rb5 f6 45.Kg2 Be5 46.h4 h5 47.gxh5+ Kh6 48.Kh3 Bd4
49.f4 Be3 50.Kg4 Bf2 51.Rb8 Kh7 52.h6 g6 53.h5 f5+ 54.Kg5 {#r} 1-0

[Event "St Petersburg IM 2017"]
[Site "St Petersburg RUS"]
[Date "2017.05.17"]
[Round "6.2"]
[White "Palchun,G"]
[Black "Askerov,Marat"]
[Result "1-0"]
[WhiteElo "2354"]
[BlackElo "2213"]

1.d4 Nf6 2.Nf3 e6 3.c4 Bb4+ 4.Nbd2 O-O 5.a3 Be7 6.e4 d5 7.e5 Nfd7 8.Bd3 c5
9.h4 g6 10.h5 cxd4 11.Nb3 Nc6 12.Bf4 a5 13.cxd5 exd5 14.Nbxd4 Nc5 15.Bc2 Bg4
16.Nxc6 bxc6 17.Bh6 Re8 18.hxg6 fxg6 19.Qb1 Bxf3 20.gxf3 Bf6 21.Bxg6 Rxe5+
22.Kf1 Qe7 23.f4 Re6 24.Bf5 Nb3 25.Qd1 Nd4 26.Qg4+ Kh8 27.Bxe6 Qxe6 28.Qxe6
Nxe6 29.Re1 Nd4 30.Bg5 Bg7 31.Re7 Kg8 32.Rc7 Rb8 33.Bh6 Bxh6 34.Rxh6 Rxb2
35.Rhxh7 Ne6 36.Rb7 {#r} 1-0

[Event "St Petersburg IM 2017"]
[Site "St Petersburg RUS"]
[Date "2017.05.17"]
[Round "6.5"]
[White "Manin,V"]
[Black "Schekachikhin,Maksim"]
[Result "0-1"]
[WhiteElo "2144"]
[BlackElo "2395"]

1.Nf3 Nf6 2.c4 c5 3.e3 Nc6 4.d4 cxd4 5.exd4 d5 6.Nc3 g6 7.Be2 Bg7 8.O-O O-O
9.h3 a6 10.c5 b6 11.Na4 bxc5 12.dxc5 e5 13.Nb6 Ra7 14.Qa4 Qc7 15.Bg5 Be6
16.Rfd1 d4 17.Bc4 Ne4 18.Qa3 Bxc4 19.Nxc4 Nxg5 20.Nxg5 h6 21.Ne4 f5 22.Ned6 e4
23.Rac1 d3 24.Nb6 Kh7 25.Rc4 Qd8 26.b4 Ne5 27.b5 Nxc4 28.Nbxc4 axb5 29.Qxa7
bxc4 30.Nxc4 Qa8 31.Qd7 Qxa2 32.Qd5 Rc8 33.g4 fxg4 34.hxg4 Qe2 35.Ne3 Rf8
36.Rf1 Qf3 37.c6 Qf4 38.Qd7 Rf7 39.Nd5 Qf3 40.Qe6 Bd4 41.Kh2 Bxf2 42.Qxf7+
Qxf7 43.c7 Qf3 44.Nf6+ Qxf6 45.c8=Q Qh4+ {#R} 0-1

[Event "St Petersburg IM 2017"]
[Site "St Petersburg RUS"]
[Date "2017.05.18"]
[Round "7.1"]
[White "Schekachikhin,Maksim"]
[Black "Bajarani,U"]
[Result "1-0"]
[WhiteElo "2395"]
[BlackElo "2486"]

1.d4 d5 2.c4 c6 3.Nc3 Nf6 4.e3 a6 5.Qc2 g6 6.Bd3 Bg7 7.Nf3 O-O 8.O-O Bg4 9.Ne5
Be6 10.c5 Nbd7 11.Nxd7 Qxd7 12.Bd2 Qc7 13.b4 Nd7 14.f4 Kh8 15.a4 f6 16.f5 gxf5
17.Bxf5 Bg8 18.b5 e6 19.Bd3 f5 20.bxa6 bxa6 21.Ne2 Nf6 22.Rab1 Ne4 23.a5 Nxd2
24.Qxd2 e5 25.Bxf5 Rae8 26.Bd3 Rxf1+ 27.Rxf1 Bh6 28.Rf6 Qg7 29.Rxh6 Qxh6
30.Bxa6 Rb8 31.dxe5 Rb1+ 32.Kf2 Qh4+ 33.Ng3 Qa4 34.Be2 Be6 35.a6 Kg8 36.e4 Kh8
37.exd5 Bxd5 38.e6 Qa1 39.Nf5 Bxe6 40.Qd8+ Bg8 41.Nd4 {#r} 1-0

[Event "St Petersburg IM 2017"]
[Site "St Petersburg RUS"]
[Date "2017.05.18"]
[Round "7.4"]
[White "Askerov,Marat"]
[Black "Bajarani,I"]
[Result "1-0"]
[WhiteElo "2213"]
[BlackElo "2297"]

1.d4 Nf6 2.c4 e6 3.Nf3 d5 4.g3 dxc4 5.Bg2 a6 6.O-O b5 7.Ne5 Nd5 8.a4 Bb7
9.axb5 axb5 10.Rxa8 Bxa8 11.e4 Nf6 12.Nc3 c6 13.d5 Bd6 14.Bf4 Bxe5 15.Bxe5 O-O
16.dxe6 fxe6 17.Bh3 Kf7 18.Bd6 Re8 19.e5 Nd5 20.Ne4 Kg8 21.Qh5 g6 22.Qh6 Qd7
23.Ra1 Bb7 24.Ra7 Na6 25.Ng5 {#r} 1-0

[Event "St Petersburg IM 2017"]
[Site "St Petersburg RUS"]
[Date "2017.05.19"]
[Round "8.1"]
[White "Bajarani,U"]
[Black "Palchun,G"]
[Result "0-1"]
[WhiteElo "2486"]
[BlackElo "2354"]

1.d4 d5 2.c4 dxc4 3.e3 e5 4.Bxc4 exd4 5.Nf3 Bb4+ 6.Bd2 Bxd2+ 7.Qxd2 Nf6 8.Qxd4
Qxd4 9.Nxd4 O-O 10.Nc3 Nbd7 11.O-O-O Ne5 12.Be2 a6 13.h3 Re8 14.g4 c5 15.Nb3
b6 16.g5 Nfd7 17.f4 Ng6 18.Bf3 Ra7 19.Ne4 Ndf8 20.Nd6 Rd8 21.h4 Be6 22.h5 Ne7
23.Ne4 Rad7 24.Nc3 Nf5 25.e4 Rxd1+ 26.Rxd1 Rxd1+ 27.Bxd1 Ne3 28.Nd2 Nxd1
29.Nxd1 Bg4 30.Ne3 Bxh5 31.Nd5 Ne6 32.Nc4 Bf3 33.Nd6 b5 34.Kd2 Kf8 35.Ke3 Bd1
36.Nc3 Bc2 37.Nf5 b4 38.Nd5 a5 39.Nb6 f6 40.gxf6 gxf6 41.Ng3 Kf7 42.Nc4 a4
43.a3 Bb3 44.Nd6+ Ke7 45.Ndf5+ Kf8 46.Nd6 c4 {#R} 0-1

[Event "St Petersburg IM 2017"]
[Site "St Petersburg RUS"]
[Date "2017.05.19"]
[Round "8.3"]
[White "Usmanov,V"]
[Black "Askerov,Marat"]
[Result "1-0"]
[WhiteElo "2443"]
[BlackElo "2213"]

1.e4 e6 2.d4 d5 3.Nc3 Nf6 4.Bg5 dxe4 5.Nxe4 Be7 6.Bxf6 gxf6 7.Nf3 f5 8.Ng3 a6
9.c3 c5 10.Bc4 b5 11.Bb3 Bb7 12.Ne5 c4 13.Qh5 Rf8 14.Bd1 Bxg2 15.Rg1 Bd5
16.Bf3 b4 17.Ne2 Ra7 18.Nf4 bxc3 19.bxc3 Nd7 20.Nxf7 Qa5 21.Nxd5 Rxf7 22.Rg7
Ne5 23.dxe5 Ba3 24.Nf6+ Kd8 25.Rd1+ {#r} 1-0

[Event "St Petersburg IM 2017"]
[Site "St Petersburg RUS"]
[Date "2017.05.19"]
[Round "8.4"]
[White "Manin,V"]
[Black "Siagodnik,A"]
[Result "0-1"]
[WhiteElo "2144"]
[BlackElo "2233"]

1.e4 e5 2.Nf3 Nf6 3.Nc3 Bb4 4.Bc4 O-O 5.O-O d6 6.d3 Bg4 7.Bg5 c6 8.h3 Bh5 9.g4
Bg6 10.Nh4 Nbd7 11.Qf3 Kh8 12.Nf5 Nc5 13.Ne2 Ne6 14.Bh4 Bd2 15.Rad1 Bg5 16.Bg3
d5 17.Bb3 Qc7 18.exd5 cxd5 19.Ne3 Rad8 20.h4 Bxe3 21.fxe3 h5 22.g5 Ng4 23.Nc3
d4 24.Bxe6 fxe6 25.Qxf8+ Rxf8 26.Rxf8+ Kh7 27.exd4 Qd6 28.Rf3 Qxd4+ 29.Kh1 b5
30.a3 Be8 31.Re1 Bc6 32.Ne4 Qxb2 33.Re2 Qxa3 34.Be1 Qc1 35.Kg2 Qd1 36.Nc3
Bxf3+ 37.Kxf3 Qc1 38.Kg2 Qf4 39.Kg1 Ne3 40.g6+ Kg8 41.Bd2 Qf1+ 42.Kh2 Ng4+
43.Kg3 b4 {#R} 0-1

[Event "St Petersburg IM 2017"]
[Site "St Petersburg RUS"]
[Date "2017.05.19"]
[Round "8.5"]
[White "Schekachikhin,Maksim"]
[Black "Saveliev,Alexei"]
[Result "0-1"]
[WhiteElo "2395"]
[BlackElo "2369"]

1.c4 c5 2.Nc3 Nc6 3.g3 e5 4.Bg2 d6 5.e3 h5 6.h3 f5 7.Nge2 Nf6 8.d4 e4 9.h4 g6
10.Nf4 Bh6 11.dxc5 Bxf4 12.exf4 dxc5 13.Qxd8+ Nxd8 14.Be3 b6 15.O-O-O Bb7
16.Nd5 Bxd5 17.cxd5 Nb7 18.f3 Nd6 19.Bd2 exf3 20.Bxf3 Nfe4 21.Bc3 Nxc3 22.bxc3
Kd7 23.Rhe1 Rae8 24.Re5 Rh7 25.Kc2 Rhe7 26.Rxe7+ Rxe7 27.Kd3 Ne4 28.Bxe4 Rxe4
29.Rb1 Ra4 30.Re1 Kd6 31.Re6+ Kxd5 32.Rxg6 c4+ 33.Ke3 Ra3 34.Rf6 Rxc3+ 35.Kd2
Rd3+ 36.Ke2 Ke4 37.Re6+ Kd4 38.Rf6 Rxg3 39.Rxf5 Rg2+ 40.Kd1 c3 41.Rxh5 Rf2
42.Rh7 a5 43.Rb7 Kc5 44.h5 b5 45.h6 Rxf4 46.h7 Rh4 47.Rg7 Rh2 48.Ra7 Kb4
49.Kc1 Ka4 50.Rc7 b4 51.Ra7 Kb5 52.Rb7+ Kc6 53.Ra7 Kb6 54.Rf7 a4 55.Rf6+ Kc5
56.Rf5+ Kc4 57.Rf4+ Kd3 58.Rf3+ Ke4 {#R} 0-1

[Event "St Petersburg IM 2017"]
[Site "St Petersburg RUS"]
[Date "2017.05.20"]
[Round "9.2"]
[White "Siagodnik,A"]
[Black "Schekachikhin,Maksim"]
[Result "0-1"]
[WhiteElo "2233"]
[BlackElo "2395"]

1.Nf3 Nf6 2.c4 e6 3.g3 d5 4.d4 dxc4 5.Bg2 Bb4+ 6.Bd2 a5 7.O-O O-O 8.Qc2 Bxd2
9.Nbxd2 b5 10.a4 c6 11.e4 Na6 12.Rfb1 Nb4 13.Qc3 Ba6 14.b3 cxb3 15.Ne5 Nc2
16.Nxc6 Qd7 17.axb5 Bxb5 18.Ne5 Qc8 19.Qxb3 Nxa1 20.Rxa1 Qa6 21.d5 a4 22.Qa2
exd5 23.exd5 Rfe8 24.f4 Rad8 25.Ndf3 Qa7+ 26.Kh1 Ne4 27.h4 Nxg3+ 28.Kh2 Nf5
29.Ng5 Qe3 30.Ngxf7 Qxf4+ 31.Kg1 Qd4+ 32.Kh1 Qxh4+ 33.Kg1 Rxe5 34.Nxd8 Qxd8
35.Rb1 Qb6+ 36.Kh1 Qh6+ 37.Kg1 Qe3+ 38.Kh2 Nd6 {#R} 0-1

[Event "St Petersburg IM 2017"]
[Site "St Petersburg RUS"]
[Date "2017.05.20"]
[Round "9.3"]
[White "Askerov,Marat"]
[Black "Manin,V"]
[Result "1-0"]
[WhiteElo "2213"]
[BlackElo "2144"]

1.d4 Nf6 2.c4 e6 3.Nf3 d5 4.g3 c5 5.cxd5 exd5 6.Bg2 Nc6 7.O-O Be7 8.Nc3 O-O
9.Bg5 cxd4 10.Nxd4 h6 11.Be3 Re8 12.Rc1 Bg4 13.h3 Be6 14.a3 Qd7 15.Kh2 Ne5
16.Nxe6 fxe6 17.Bd4 Nc6 18.Bxf6 Bxf6 19.e4 Bxc3 20.exd5 Bxb2 21.dxc6 Qe7
22.Rc2 Bxa3 23.cxb7 Rad8 24.Qh5 e5 25.Be4 Qf6 26.Rd1 Bc5 27.Qg6 Qb6 28.Rd7
{#r} 1-0

[Event "5th POL-HUN Open 2017"]
[Site "Katowice POL"]
[Date "2017.05.20"]
[Round "2.1"]
[White "Kiolbasa,Oliwia"]
[Black "Azarov,S"]
[Result "0-1"]
[WhiteElo "2253"]
[BlackElo "2582"]

1.e4 c5 2.Nf3 Nc6 3.d4 cxd4 4.Nxd4 Qb6 5.Nb3 Nf6 6.Nc3 e6 7.Be3 Qc7 8.f4 d6
9.Qf3 a6 10.O-O-O b5 11.Bd3 Bb7 12.g4 Nb4 13.g5 Nxd3+ 14.Rxd3 Nd7 15.Re1 Rc8
16.Rd2 Be7 17.Bf2 O-O 18.h4 b4 19.Ne2 a5 20.g6 fxg6 21.Ned4 a4 22.Nxe6 Qc4
23.Nxf8 Nxf8 24.Na5 Qxa2 25.Kd1 Ba6 {#R} 0-1

[Event "5th POL-HUN Open 2017"]
[Site "Katowice POL"]
[Date "2017.05.20"]
[Round "2.2"]
[White "Mastrovasilis,D"]
[Black "Kubicka,Anna"]
[Result "1-0"]
[WhiteElo "2580"]
[BlackElo "2190"]

1.e4 c5 2.Nf3 d6 3.d4 Nf6 4.Bb5+ Nbd7 5.e5 Qa5+ 6.Nc3 Ne4 7.Rb1 Nxc3 8.bxc3
Qxa2 9.Bf4 a6 10.Bxd7+ Bxd7 11.O-O O-O-O 12.exd6 exd6 13.dxc5 dxc5 14.Ne5 Be6
15.Qe2 Be7 16.Nxf7 Bxf7 17.Qxe7 Rd7 18.Qxc5+ Kd8 19.Bg5+ {#r} 1-0

[Event "5th POL-HUN Open 2017"]
[Site "Katowice POL"]
[Date "2017.05.20"]
[Round "2.4"]
[White "Pakleza,Z"]
[Black "Paczkowski,A"]
[Result "1-0"]
[WhiteElo "2480"]
[BlackElo "2038"]

1.d4 d5 2.Bf4 e6 3.e3 Bd6 4.Bg3 Nf6 5.Nd2 c5 6.c3 O-O 7.Ngf3 cxd4 8.exd4 Bxg3
9.hxg3 Qb6 10.Qb3 Qxb3 11.axb3 Bd7 12.Bd3 Nc6 13.g4 h6 14.g5 hxg5 15.Nxg5 e5
16.dxe5 Nxe5 17.Be2 Bf5 18.Ra4 Rfe8 19.Rah4 Ng6 20.Rd4 Re7 21.Nf1 Rae8 22.Ne3
Bg4 23.Bxg4 Rxe3+ 24.fxe3 Rxe3+ 25.Kf2 {#r} 1-0

[Event "5th POL-HUN Open 2017"]
[Site "Katowice POL"]
[Date "2017.05.20"]
[Round "2.6"]
[White "Jakubiec,A"]
[Black "Oglaza,Oskar"]
[Result "1-0"]
[WhiteElo "2500"]
[BlackElo "2197"]

1.f4 e5 2.e4 d5 3.exd5 e4 4.d3 Nf6 5.dxe4 Nxe4 6.Nf3 Bc5 7.Qe2 Qe7 8.Be3 Bxe3
9.Qxe3 Bf5 10.Nbd2 Nxd2 11.Qxe7+ Kxe7 12.Kxd2 Rd8 13.Bc4 c6 14.Rhe1+ Kf8
15.Rad1 cxd5 16.Kc1 Rc8 17.Bb3 Nc6 18.Rxd5 Be6 19.Rd2 Bxb3 20.axb3 a5 21.Ne5
a4 22.Nd7+ Kg8 23.Nb6 axb3 24.Nxa8 Rxa8 25.Kb1 bxc2+ 26.Rxc2 Kf8 27.Rd2 b5
28.Rd6 Na5 29.Rd7 Nc4 30.Ree7 Nd6 31.Re5 {#r} 1-0